Quizzes
Events
Quiz Creation
Community
Videos
Private Events
Remove Ads
Sign In
Join for FREE
Feedback
Dark Mode
Quiz Categories
Sports
Geography
Music
Movies
Television
Just For Fun
Miscellaneous
History
Literature
Language
Science
Gaming
Entertainment
Religion
Holiday
For Kids
Quiz Lab
Recent
Popular Today
Quiz Kudos Today
Editor Picks
Curator Picks
Quizzes by...
Day
Popularity
Type
Ratings
Length
Year
Community
Subscriptions
Recent Discussions
Orange Saloon
Badges
Playlists
Quests
Create
Leaderboards
Showdown
Live 5
Trivia Bingo
Activity
Puzzle Library
Sporcle Events
Private Events
Virtual Trivia
Globe League
Become a Host
Pub Owners
SporcleCon
Opinionation
Our Games
Videos
Blog
Mobile Apps
Partnerships
Remove Ads and Go Orange
Feedback
Science
Computer
Plants
Astronomy
Chemistry
Elements
Math
Animal
Physics
Anatomy
Biology
Geology
General Science
Science
Computer
Plants
Astronomy
Chemistry
Elements
Math
Animal
Physics
Anatomy
Biology
Geology
General Science
Random Quiz
Search Sporcle
×
Quiz Lab
Quiz Lab
Science
Numbers
Type in answers that appear in a list
Type in answers that appear in a list
Classic
Best Score? Go Orange.
Parts of Canine Humerus (left) Stats
Can you name the Parts of the Canine Humerus (left)?
By
timwerner
15m
22 Questions
9 Plays
9 Plays
9 Plays
Comments
Comments
Give Quiz Kudos
Give Quiz Kudos
-
- Ratings
hide this ad
Forced Order
Answers have to be entered in order
Answers have to be entered in order
Replay
Link that replays current quiz
Next Quiz
Link to next quiz in quiz playlist
You Got
0%
They Got
Avg Score
22%
Avg Friend Score
Upgrade to see
Score Distribution
Jump to the score distribution portion of the page
Score
0/22
Timer
15:00
0
Plays Today
Number
Part
% Correct
1
Lesser tubercle
66.7%
2
Greater tubercle
66.7%
4
Head
55.6%
15
Trochlea
33.3%
16
Capitulum
33.3%
3
Intertubercular groove
22.2%
9
Deltoid tuberosity
22.2%
13
Lateral epicondyle
22.2%
17
Head
22.2%
22
Medial epicondyle
22.2%
5
Tuberosity for teres minor
11.1%
Number
Part
% Correct
6
Crest of greater tubercle
11.1%
7
Tricipital line
11.1%
8
Tuberosity for teres major
11.1%
10
Body
11.1%
11
Brachialis groove
11.1%
12
Radial fossa
11.1%
14
Supratrochlear foramen
11.1%
18
Lesser tubercle
11.1%
19
Tuberosity for teres major
11.1%
20
Lateral supracondylar crest
11.1%
21
Olecranon fossa
11.1%
Quiz Playlist
Details
Report
Send in Message
Add To Playlist
Classic:
Type in answers that appear in a list
Forced Order:
Answers have to be entered in order
Last Updated: Feb 16, 2017
Quiz Scoreboard
CHALLENGE
Sign Up to Join the Scoreboard
Show All
Scores
Hide
Comments
May contain spoilers
Recently Published
Movies - When Are They Set?
by FPL_Elf
Movies
5m
Popular People in 1961
by mucciniale
History
6m
1-10 Letter E Words III
by El_Dandy
Language
2m
More to Explore
Quiz From the Vault
Featured Blog Post
Where Did the Easter Bunny Come From?
hide this ad
You Might Also Like...
Tags
Numbers Quiz
canine
Humerus
Today's Top Quizzes in Science
Browse Science
hide this ad
Today's Top Quizzes in Numbers
Browse Numbers
Top Contributed Quizzes in Science
1
Quick Pick: 'CI-CJ' Animals
2
One Thing in Common: Science
3
One Thing in Common: Science III
4
Elements In Images
5
Quick Pick: Radians
6
Sporcle Puzzle Hunt: Science
7
Square Numbers Scrambled (1-50)
8
One Thing in Common: Science II
9
Glycolysis
10
1 to 50
Explore More
Trending Topics
Kpop
Crossword
Marvel
Disney
Anime
Harry Potter
NBA
Song
Puzzle
WWE
Soccer
Pokémon
Country
NFL
The Office
hide this ad
More By:
timwerner
Quiz
Plays
Rating
Category
Featured
Created
Parts of Canine Ulna (left)
22
Science
Jan 14, 2010
Parts of Canine Scapula (left)
13
Science
Jan 14, 2010
Parts of Canine Humerus (left)
9
Science
Jan 14, 2010
Parts of Canine Radius (left)
5
Science
Jan 14, 2010
Go to Creator's Profile
Score Distribution
Quiz Creator Spotlight
timwerner
Follow
Send a Message
Quizzes Created
-
Created Quiz Play Count
-
More By This Creator
Popular Quizzes Today
1
Find the Countries of Europe - No Outlines Minefield
2
Find the US States - No Outlines Minefield
3
The Countries of the World
4
Popular People in 1961
5
US States
6
1-10 Letter E Words III
7
Find the US States
8
One Thing in Common: World Cities II
More Science Quizzes
In the Name of the (Second) Law
Editor's Pick
Trending Quizzes
Risky Map Clicking: Least Populous States A-Z
1-10 Letter F Words
1-10 Letter G Words
One Thing in Common: United Kingdom
Risky Map Clicking: Next State Alphabetically
Recently Updated
Leaping Animals
pecheneg
Reality TV Shows (A-Z)
bhenderson79
Rickey Henderson's Hall of Fame Teammates
pecheneg
Champions League XIs: Arsenal
pecheneg
Quick Pick: Celebrities in WWE's Hall of Fame
aduchscher
A-Z Keypad Blitz II
pecheneg
Multiple Oscar Actors
pecheneg
Mystery Phrase Blitz: Oscar 'Best Actors'
pecheneg
F. Scott Fitzgerald Novels
LTH
Pick 3 Villains
ddd62291
Trending Topics
Kpop
NBA
Anime
Marvel
Harry Potter
Crossword
Disney
Soccer
WWE
Country
Song
Puzzle
NFL
The Office
Pokémon
Your Account Isn't Verified!
In order to create a playlist on Sporcle, you need to verify the email address you used during registration. Go to your
Sporcle Settings
to finish the process.
Report this User
Report this user for behavior that violates our
Community Guidelines
.
Details:
Send Report
Go to the Sporcle.com Mobile Site →
Comments